Riconosci la Squadra di calcio - Quiz n°350 - Statistics

Statistiche generali
  • Questo quiz è stato fatto 3 volte
  • Il punteggio medio è 7 su 10
Statistiche sulle risposte
Indizio Risposta % Corretto
Titoli nazionali 0
100%
Trofei nazionali 1 Coppe Italia Serie C/Lega Pro
100%
Colori sociali Bianco, azzurro
100%
Simboli Fiordaliso
100%
Divisione nazionale 2023-2024 Quarta
100%
Confederazione UEFA
67%
Trofei internazionali 0
33%
Fondazione 1908
33%
Capienza Stadio 2 966 posti
33%
Squadra Prato
0%
Nessun quiz corrispondente trovato
Distribuzione punteggi
Percentuale di utenti per punteggio
Percentile per numero di risposta
I tuoi punteggi nel tempo
Non hai fatto questo quiz